000 00286nam a22001217a 4500
008 180911b xxu||||| |||| 00| 0 eng d
041 _aeng
080 _212 ed
_a615
100 _a5
101 _aFAR
245 _aThe Pharmacological Basic Therapeutics
_cBrunton.L
942 _2udc
_cBK
999 _c47677
_d47677